LEADER 01420nam 2200445 450 001 9910511767303321 005 20210224143453.0 010 $a1-76080-163-1 035 $a(CKB)4100000011480110 035 $a(MiAaPQ)EBC6360668 035 $a(EXLCZ)994100000011480110 100 $a20210224d2017 uy 0 101 0 $aeng 135 $aurcnu|||||||| 181 $ctxt$2rdacontent 182 $cc$2rdamedia 183 $acr$2rdacarrier 200 10$aLike nothing on this earth. /$fTony Hughes-d'Aeth 210 1$aCrawley, Western Australia :$cUWA Publishing,$d[2017] 210 4$dİ2017 215 $a1 online resource (616 pages) $cillustrations, maps 311 $a1-74258-924-3 320 $aIncludes bibliographical references (pages 559-586) and index. 606 $aCreative writing 606 $aAustralian literature$zAustralia$zWestern Australia 606 $aLiterature and society$zAustralia$zWestern Australia$zWheatbelt Region$xHistory 607 $aWheatbelt Region (W.A.) 608 $aElectronic books. 615 0$aCreative writing. 615 0$aAustralian literature 615 0$aLiterature and society$xHistory. 676 $a820.9/994 700 $aHughes-d'Aeth$b Tony$01067596 801 0$bMiAaPQ 801 1$bMiAaPQ 801 2$bMiAaPQ 906 $aBOOK 912 $a9910511767303321 996 $aLike nothing on this earth$92551550 997 $aUNINA